000 01342nam a2200349 i 4500
003 EG-GICUC
005 20260310071144.0
008 260310s2020 ua ||||fr|||| 00| 0 ara d
017 _a2019/21420
020 _a978-977-761-374-3
040 _a EG-GICUC
_bara
_c EG-GICUC
_d EG-GICUC
_erda
041 0 _aara
082 0 4 _221
_a345.456
_bع ب . ض
092 0 4 _221
099 _aLaw1 07 345.456 ع ب . ض 1 ed-2020
100 0 _aعبد العزيز محمد سالمان
_eمؤلف.
245 1 0 _aضمانات الحق في التقاضي/
_cالمستشار الدكتور عبد العزيز محمد سالمان
250 _aالطبعة الأولي
264 1 _aالقاهرة :
_bالمركز القومي للإصدارات القانونية،
_c2020.
300 _a328 صفحة ؛
_c24 سم
336 _2rda content
_atext
337 _2rda media
_aComputer
338 _2rda carrier
_aOnline Resource
504 _aيشتمل علي ارجاعات ببليوجرافية.
546 _aالنص باللغة العربية
650 1 4 _aالقانون الإداري
_2qrmak
650 1 4 _aاجراءات وضمانات تأديب العاملين المدنين بالدولة
651 1 _2qrmak
856 4 0 _uhttps://fll.law.cu.edu.eg/fulltext/bks/B07-04063.pdf
905 _a74
942 _2ddc
_n0
_cBK
_e21
999 _c65939
_d65939